| 000 | 00481nam a2200193Ia 4500 | ||
|---|---|---|---|
| 003 | GCL | ||
| 008 | 140319s9999 xx 000 0 eng d | ||
| 040 |
_aGCL / _cGCL |
||
| 082 | 0 | 4 |
_a746.62 _bL L |
| 100 | 1 | _aLIBESSRT, REGINE | |
| 245 | 1 | 0 |
_aLE LIVRE COMLET DE LA PEINTURE SUR SOIL / _cLIBESSRT, REGINE |
| 260 |
_a[S.N] : _bFLEURUS IDEAS ، _c1987 |
||
| 300 | _a120 P | ||
| 650 | 0 | 4 | _aARTS |
| 650 | 0 | 4 | _aPAINTING |
| 650 | 0 | 4 | _aSILK |
| 650 | 0 | 4 | _aTEXTILE ART |
| 942 |
_2ddc _cBK |
||
| 999 |
_c15352 _d15352 |
||